Strategie rozwoju gospodarczego.
Všeobecná koncepcia štrukturálneho rozvoja. Problémy formovania makroproporcií. Zavádzanie štruktúrotvorných faktorov. Varianty rešpektovania závislostí medziodvetvových. Zavádzanie technického pokroku v štruktúrnych premenách. Úsekové stratégie využívania medzinárodnej spolupráce pri štruktúrnych p...
Salvato in:
| Autore principale: | |
|---|---|
| Natura: | Capitolo di libro |
| Lingua: | polacco |
| Soggetti: | |
| Tags: |
Nessun Tag, puoi essere il primo ad aggiungerne!!
|
MARC
| LEADER | 00000naa a2200000 4500 | ||
|---|---|---|---|
| 001 | r002930 | ||
| 005 | 20220819194728.9 | ||
| 041 | 0 | |a pol | |
| 044 | |a PL | ||
| 245 | 1 | 0 | |a Strategie rozwoju gospodarczego. |c P. Karpus |
| 520 | |a Všeobecná koncepcia štrukturálneho rozvoja. Problémy formovania makroproporcií. Zavádzanie štruktúrotvorných faktorov. Varianty rešpektovania závislostí medziodvetvových. Zavádzanie technického pokroku v štruktúrnych premenách. Úsekové stratégie využívania medzinárodnej spolupráce pri štruktúrnych premenách. Prihliadanie na sociálne spotrebné preferencie. Závislosti medzi stratégiami štruktúrnych premien. | ||
| 610 | 2 | 0 | |a stratégia hospodárska |
| 610 | 2 | 0 | |a štruktúra ekonomická |
| 610 | 2 | 0 | |a vzťahy medziodvetvové |
| 610 | 2 | 0 | |a zmeny štruktúrne |
| 610 | 2 | 0 | |a rozvoj hospodársky |
| 610 | 2 | 0 | |a pokrok technický |
| 610 | 2 | 0 | |a spolupráca hospodárska medzinárodná |
| 100 | 1 | |a Karpus, P. | |